| 000 | 00644nam a2200229Ia 4500 | ||
|---|---|---|---|
| 001 | 15900 | ||
| 003 | GE_BSU | ||
| 008 | 181216s||||||||xx |||||||||||||| ||und|| | ||
| 040 | _cGE_BSU | ||
| 080 | _a821.353.1-11 | ||
| 100 | _aჭავჭავაძე, ი. (ილია, 1837-1907) | ||
| 245 | _aგანდეგილი | ||
| 245 | _bპოემა | ||
| 245 | _cრედ. კ. ბობოხიძე | ||
| 260 | _aთბილისი | ||
| 260 | _bსახელგამი | ||
| 260 | _c1951 | ||
| 300 | _a22 გვ. ; 21 სმ. | ||
| 653 | _aგანდეგილი | ||
| 653 | _aპოემა | ||
| 942 | _cBK | ||
| 999 |
_c48995 _d48995 |
||